| 000 | 01025cam a2200169 4500500 | ||
|---|---|---|---|
| 005 | 20260329023222.0 | ||
| 041 | _afre | ||
| 042 | _adc | ||
| 100 | 1 | 0 |
_aHermet, Guy _eauthor |
| 700 | 1 | 0 |
_aBadie, Bertrand _eauthor |
| 700 | 1 | 0 |
_aBirnbaum, Pierre _eauthor |
| 700 | 1 | 0 |
_aBraud, Philippe _eauthor |
| 245 | 0 | 0 | _aDictionnaire de la science politique et des institutions politiques |
| 260 |
_bArmand Colin,
_c2023. |
||
| 520 | _aCe Dictionnaire de la science politique et des institutions politiques couvre deux domaines distincts, la théorie politique (ses concepts, ses méthodes), et la pratique, inscrite dans les institutions politiques et dans l’exercice du pouvoir. Ce dictionnaire traite en priorité de la France et des pays francophones, tout en s’efforçant d’élargir le champ de la comparaison à la dimension européenne et même mondiale. | ||
| 856 | 4 | 1 | _uhttps://shs.cairn.info/dictionnaire-de-la-science-politique-et-des-institutions-politiques--9782200634704?lang=fr&redirect-ssocas=7080 |
| 999 |
_c1925566 _d1925566 |
||